| 000 | 00554nam a2200169 a 4500 | ||
|---|---|---|---|
| 001 | 000046509 | ||
| 005 | 20201002052924.0 | ||
| 008 | 150820s2015 dr a 000 f spa d | ||
| 020 | _a9789945082715 | ||
| 040 |
_aDO-SdBNP _bspa _cBNPHU |
||
| 082 |
_axxxx _bxxxx |
||
| 100 | 1 |
_aMateo Aquino, Josefina _974501 |
|
| 245 | 1 | 3 |
_aLa razón de su amargura : _bnovela corta / _cJosefina Mateo Aquino ; prólogo Juan Luciano Amadís. |
| 260 |
_aSanto Domingo : _bBúho, _c2015. |
||
| 300 |
_a63 p. : _bil. ; _c22 cm. |
||
| 700 | 1 | 2 |
_aAmadís, Juan Luciano, _epról. _943036 |
| 999 |
_c45998 _d45998 |
||